| 000 | 01134nam a22003497a 4500 | ||
|---|---|---|---|
| 003 | CHAP | ||
| 005 | 20220817044416.0 | ||
| 008 | 101209s2006 mx a r 00010 spa d | ||
| 010 | _a100112 | ||
| 011 | _a101084 | ||
| 022 | 0 | _a0186-3924 | |
| 035 | _a111770 | ||
| 040 | _cCHAP | ||
| 090 | _aFolleto 17864 | ||
| 110 | 1 |
_aColegio de México _925062 |
|
| 245 | 1 | 0 |
_aPedro Enríquez Ureña en el 60 aniversario de su muerte _c/por El Colegio de México |
| 260 |
_aMéxico, D.F. : _bEl Colegio de México, _c2006 |
||
| 300 |
_a40 p. : _bilus. |
||
| 490 | 3 |
_aEl Colegio de México : boletin editorial _v; 122 |
|
| 590 |
_aBATCH-UPD _b10 _c20130110 _lUCH01 _h1240 |
||
| 590 |
_aBATCH-UPD _b10 _c20130410 _lUCH01 _h0806 |
||
| 590 |
_aBATCH-UPD _b10 _c20130914 _lUCH01 _h1407 |
||
| 590 |
_aCONVERSION _b10 _c20130109 _lUCH01 _h1355 |
||
| 650 | 1 | 4 |
_aFilología. _940885 |
| 650 | 1 | 4 | _aLenguaje. |
| 650 | 1 | 4 |
_aLingüística. _966979 |
| 650 | 1 | 4 |
_aLiteratura. _967113 |
| 830 | 3 |
_aEl Colegio de México : boletin editorial _v; 122 _936105 |
|
| 901 | _aBK | ||
| 942 | _cFOLL | ||
| 949 |
_aFolleto 17864 _bBC _cFOLL _d33724002079488 _eTS1 _i111770 _sb |
||
| 999 |
_c100112 _d100112 |
||